000 00209 a2200097 4500
001 2269
100 _aAdams,HT
245 _aElements of Internal comb Turbine
260 _a
_bCambridge
_c
090 _c1645
_d1645
942 _aNUST-CAE
_cM
_c7169
999 _c237342
_d237342